| 000 | 00786nam a2200241Ia 4500 | ||
|---|---|---|---|
| 003 | OSt | ||
| 005 | 20220926022609.0 | ||
| 006 | a|||||r|||| 00| 0 | ||
| 007 | ta | ||
| 008 | 220923b |||||||| |||| 00| 0 eng d | ||
| 037 | _cGeneral Book | ||
| 040 |
_aRTL _cRTL _beng |
||
| 041 |
_2eng _aeng |
||
| 082 | _aX 9 (E191):75.1(X).N7, L2 | ||
| 110 |
_aUnited Natios Industrial Development Organization _9328051 |
||
| 245 | 0 | _aPlanning and programming of the metal working indu | |
| 260 |
_aNew York _bUnited Nations USA _c1972 |
||
| 300 |
_axiii, 240p. Appendix P 227-33 _ccm. |
||
| 650 | _aElectrical | ||
| 700 |
_aUnited Natios Industrial Development Organization _9328052 |
||
| 942 |
_hX 9 (E191):75.1(X).N7, L2 _cGB _2CC |
||
| 999 |
_c639857 _d639857 |
||